000 00744nam a2200253 i 4500
003 DO-SdBNP
005 20250723115604.0
007 ta
008 250723s1985 dr 000 spa d
040 _aDO-SdBNP
_bspa
_cBNPHU
_erda
041 _aspa
082 4 _axxx
_bA795
_222
100 1 _aArvelo, Tulio H
_952435
_eautor
_4aut.
245 1 0 _aManual de introducción a la filosofía :
_bFIL-011 /
_cTulio H. Arvelo
250 _aNovena edición
264 1 _aSanto Domingo :
_bEditora Taller,
_c1985.
300 _a239 páginas
_c20 cm.
336 _atexto
_btxt
_2rdacontent
337 _asin mediación
_bn
_2rdamedia
338 _avolumen
_bnc
_2rdacarrier
590 _aInventariado, 2025/ YL
910 _aYLockward
942 _2ddc
_cLBS1
999 _c59625
_d59625